[Event "Galapagar op 08th"]
[Site "Galapagar"]
[Date "2007.07.21"]
[Round "1.10"]
[White "Rodriguez Gonzalez, Javier"]
[Black "Collado Barbas, Laura"]
[Result "1-0"]
[WhiteElo "2261"]
[BlackElo "1883"]
[PlyCount "87"]
[EventDate "2007.07.21"]
[EventType "swiss"]
[EventRounds "9"]
[EventCountry "ESP"]
[SourceTitle "EXT 2024"]
[Source "ChessBase"]
[SourceDate "2023.10.10"]
[SourceVersion "1"]
[SourceVersionDate "2023.10.10"]
[SourceQuality "1"]

1. d4 d5 2. Nf3 c6 3. Bf4 Nf6 4. Nbd2 e6 5. e3 Nbd7 6. Bd3 Be7 7. c3 0-0 8. Ne5 c5 9. h4 c4 10. Bc2 Nxe5 11. dxe5 Nd7 12. Nf3 f5 13. g4 Nc5 14. gxf5 exf5 15. Nd4 Ne4 16. Qh5 Qb6 17. 0-0-0 Nxf2 18. Nxf5 Bxf5 19. Bxf5 Rxf5 20. Qxf5 Nxh1 21. Rxh1 Rf8 22. Qg4 Bc5 23. Qf3 Qe6 24. Qg2 Kh8 25. Rg1 g6 26. Rd1 Rd8 27. h5 gxh5 28. Bg5 Rg8 29. Bf6+ Qxf6 30. Qxg8+ Kxg8 31. exf6 Bxe3+ 32. Kc2 d4 33. cxd4 Kf7 34. d5 Bg5 35. d6 Bxf6 36. d7 Bd8 37. Re1 Be7 38. Kc3 h4 39. Kxc4 h3 40. Kd5 h6 41. Rf1+ Kg7 42. Ke6 Bd8 43. Rh1 Kg6 44. Rxh3 1-0

[Event "San Sebastian Gros op 16th"]
[Site "San Sebastian"]
[Date "2006.09.28"]
[Round "8"]
[White "Rodriguez Gonzalez, Javier"]
[Black "Meijers, Viesturs"]
[Result "0-1"]
[WhiteElo "2222"]
[BlackElo "2474"]
[PlyCount "47"]
[EventDate "2006.09.21"]
[EventType "swiss"]
[EventRounds "9"]
[EventCountry "ESP"]
[SourceTitle "CBM 114 Extra"]
[Source "ChessBase"]
[SourceDate "2006.11.03"]
[SourceVersion "1"]
[SourceVersionDate "2006.11.03"]
[SourceQuality "1"]

1. d4 f5 2. g3 d6 3. Bg2 Nf6 4. Nh3 g6 5. Nf4 c6 6. Nc3 Bg7 7. h4 e5 8. dxe5 dxe5 9. Qxd8+ Kxd8 10. Nd3 e4 11. Nf4 Na6 12. a3 Ng4 13. Bd2 Nc7 14. Bh3 Ne5 15. 0-0-0 Ke7 16. h5 Ne6 17. Rhf1 Nc4 18. h6 Bf6 19. Ncd5+ cxd5 20. Nxd5+ Kf7 21. Nxf6 Nxd2 22. Rxd2 Kxf6 23. Rfd1 Ng5 24. Bg2 0-1

[Event "Calvia U2300 opB"]
[Site "Mallorca"]
[Date "2004.10.24"]
[Round "4"]
[White "Rodriguez Gonzalez, Javier"]
[Black "Galan Fernandez, Felix"]
[Result "1/2-1/2"]
[WhiteElo "2247"]
[BlackElo "2168"]
[PlyCount "80"]
[EventDate "2004.10.22"]
[EventType "swiss"]
[EventRounds "9"]
[EventCountry "ESP"]
[SourceTitle "EXT 2005"]
[Source "ChessBase"]
[SourceDate "2004.11.15"]
[SourceVersion "1"]
[SourceVersionDate "2004.11.15"]
[SourceQuality "1"]

1. d4 c5 2. d5 d6 3. c4 g6 4. e4 Bg7 5. Bd3 Nf6 6. Ne2 0-0 7. 0-0 Na6 8. Nbc3 Nc7 9. a4 a6 10. a5 Bd7 11. Ng3 Rb8 12. f4 Ng4 13. Qf3 Bd4+ 14. Kh1 e5 15. h3 exf4 16. Bxf4 Qh4 17. Nge2 Ne5 18. Bxe5 Bxe5 19. Ng1 Ne8 20. Qf2 Qh6 21. Nf3 Bxh3 22. Nxe5 dxe5 23. Kg1 Qg5 24. Na4 Rc8 25. Kh2 Bg4 26. Nxc5 Ng7 27. b4 Nh5 28. Be2 Bxe2 29. Qxe2 Qg3+ 30. Kg1 Nf4 31. Qf3 Qg5 32. Ra2 f5 33. Nd7 fxe4 34. Qc3 Rxc4 35. Qxc4 Nh3+ 36. Kh2 Rxf1 37. Qxf1 Nf4 38. Qf2 e3 39. Qf3 Qh4+ 40. Kg1 Qe1+ 1/2-1/2